[Event "Clutch Chess International"]
[Site "Saint Louis"]
[Date "2020.06.11"]
[Round "2.4"]
[White "Aronian, Levon"]
[Black "Carlsen, Magnus"]
[Result "1/2-1/2"]
[WhiteElo "2778"]
[BlackElo "2881"]
[Annotator "TA"]
[PlyCount "113"]
[EventDate "2020.06.05"]
[EventType "k.o."]
[EventCountry "USA"]
[SourceTitle "playchess.com"]
[Source "ChessBase"]
[SourceQuality "1"]

{[%evp 10,113,32,31,43,10,23,19,24,27,47,41,60,49,41,39,75,77,106,76,85,83,80,69,73,70,97,49,54,45,59,65,95,19,16,19,39,19,16,22,27,16,188,0,0,0,0,0,0,-21,-25,-26,-34,-45,0,0,0,0,0,0,0,0,0,0,0,0,0,-77,-77,-95,-81,-120,-102,-103,-100,-203,0,0,0,-14,0,-146,-136,-132,0,0,0,0,0,0,0,0,0,0,0,0,0,0,0,0,0,0,0,0,0,0]} 1. e4 c5 2. Nf3 Nc6 3. Bb5 e6 4. O-O Nge7 5. d4 cxd4 6. Nxd4 a6 {B30: Sicilian: 2...Nc6 3 Bb5, lines without ...g6.} 7. Nxc6 bxc6 {[#]} 8. Be2 $146 ({Predecessor:} 8. Bd3 Ng6 9. c4 Bc5 10. Nc3 O-O 11. Re1 e5 12. Be3 Bxe3 13. Rxe3 Nf4 14. c5 {0-1 (34) Nguyen,N (2666)-Maghsoodloo,P (2393) Hamedan 2018}) 8... Ng6 9. c4 Bc5 10. Nc3 Ba7 11. Kh1 O-O 12. f4 f5 13. e5 Qc7 14. Qd3 Rd8 15. Rd1 Bb7 16. Be3 c5 17. Qd6 Qc8 18. Na4 Bc6 19. b3 ({Much worse is} 19. Nxc5 Nxf4 20. Bxf4 Bxc5 $15) 19... Qb7 {Threatens to win with ...Nh4.} 20. Bf1 $1 (20. Nxc5 Bxg2+ 21. Kg1 Bxc5 $17) 20... Rac8 21. Qd2 (21. Nxc5 $16 Bxc5 22. Bxc5 (22. Qxc5 Bf3 $14)) 21... Bxa4 $11 22. bxa4 Qc6 23. Rab1 Bb8 $1 24. Be2 Nh4 {[%csl Gh4][%cal Rc6g2]} 25. Bh5 Qxa4 $2 (25... d6 $11 {and Black is okay.}) 26. Qf2 $2 ({White must play} 26. Bf2 $18 g5 27. Qc3) 26... Ng6 27. Bxg6 hxg6 28. Bxc5 Qxc4 29. Bb6 Bc7 30. h3 Bxb6 31. Rxb6 a5 (31... g5 $5 32. fxg5 Kf7 $11) 32. Rbd6 Qa4 33. Kh2 g5 34. R1d4 Rc4 35. fxg5 Kf7 36. g6+ Kxg6 37. Qh4 Rxd4 38. Rxd4 {[%mdl 4096] Endgame KQR-KQR} (38. Qxd8 $11 Kf7 39. Rxd4 Qxd4 40. Qxa5) 38... Qb5 $17 39. Qg3+ Kf7 40. Rh4 Qc5 41. Rh7 Rg8 42. h4 (42. a3 $17 {might work better.}) 42... Qd4 $2 ({Better is} 42... Qc2 $1 $19 43. Qg5 Qe4 44. Qf6+ Ke8 45. Qg6+ Kf8) 43. h5 $1 $11 {[%cal Rh5h6] With the idea h6.} Kf8 44. Kh3 a4 45. Qa3+ {[#]} (45. h6 $11 Qg4+ 46. Qxg4 fxg4+ 47. Kh4 gxh6 48. Rxd7) 45... Kf7 $1 $17 46. Qg3 {[#]} Kf8 (46... Qg1 $1 $17 47. Qg6+ Kf8) 47. Qa3+ $11 {The position is equal.} Ke8 {And now ...f4 would win.} 48. Qg3 f4 49. Qg6+ Kf8 {...Qc3+ is the strong threat.} 50. Qg5 $1 Qd3+ 51. Kh4 {Hoping for Qd8+.} Qxh7 52. Qd8+ {[%mdl 64] Double Attack} Kf7 53. Qxd7+ {[%mdl 64] Double Attack} Kf8 54. Qd8+ Kf7 55. Qd7+ Kf8 {( -> ...g5+)} 56. Qd8+ Kf7 57. Qd7+ {Accuracy: White = 77%, Black = 79%.} 1/2-1/2

[Event "Clutch Chess International"]
[Site "Saint Louis"]
[Date "2020.06.11"]
[Round "2.4"]
[White "So, Wesley"]
[Black "Caruana, Fabiano"]
[Result "1/2-1/2"]
[WhiteElo "2741"]
[BlackElo "2773"]
[Annotator "TA"]
[PlyCount "109"]
[EventDate "2020.06.05"]
[EventType "k.o."]
[EventCountry "USA"]
[SourceTitle "playchess.com"]
[Source "ChessBase"]
[SourceQuality "1"]

{[%evp 11,109,21,39,45,49,15,41,25,14,16,16,4,11,9,27,16,36,33,24,33,31,42,50,36,52,58,54,35,87,47,85,68,84,75,109,114,111,109,138,70,63,62,70,80,75,77,83,80,74,76,139,142,141,138,141,132,134,125,144,135,142,127,140,140,121,78,131,53,70,47,47,47,47,49,37,48,41,24,36,24,16,23,41,40,41,40,55,0,0,0,0,0,0,0,0,0,0,0,0,0]} 1. e4 e5 2. Nf3 Nf6 3. d4 Nxe4 4. Bd3 Nc6 5. dxe5 d5 6. exd6 Nxd6 7. O-O {C43: Petroff Defence: 3 d4.} Be7 8. Nc3 Be6 9. Re1 $5 {[%mdl 4] White is slightly better. A promising side line.} O-O 10. Bf4 Bf6 {[#]} 11. Bxd6 $146 ({Predecessor:} 11. Qd2 Nc4 12. Bxc4 Bxc4 13. Qxd8 Raxd8 14. Bxc7 Rc8 15. Be5 Nxe5 16. Nxe5 Be6 17. Rad1 {½-½ (36) Kamsky,G (2692)-Fridman,D (2616) playchess.com INT 2006}) 11... cxd6 12. Ne4 Be7 13. Qd2 {White wants to play Neg5.} h6 14. Ng3 Bf6 15. c3 Ne5 16. Nd4 Nxd3 17. Qxd3 Be5 18. Nxe6 fxe6 19. Re2 Rf7 (19... Bxg3 $14 20. Qxg3 Rf6) 20. Ne4 Qe7 21. Rd1 {[%cal Re4d6]} Rd8 22. Nd2 Qh4 23. g3 Qg4 24. f3 Qa4 25. b3 (25. Rde1 $16 Bf6 26. Rxe6) 25... Qd7 $14 26. Rde1 Qc7 27. c4 Qa5 {[#]} 28. b4 $1 {[%mdl 512]} Qb6+ (28... Qxb4 29. Rxe5) 29. Kg2 Qd4 30. Re3 Qxd3 (30... d5 $142) 31. Rxd3 $16 {Hoping for Rxe5!} Rfd7 32. f4 Bf6 33. Rxe6 Kf7 34. Re2 d5 35. c5 Rc7 36. Nb3 b6 37. Red2 bxc5 38. Nxc5 d4 (38... a5 $142) 39. Kf3 ({Better is} 39. Ra3 $16) 39... a5 $1 $14 40. a3 {[%cal Ba2a3,Ba3b4][%mdl 32]} axb4 $1 41. axb4 Be7 $1 42. Ne4 Rc4 43. b5 Rb4 44. g4 Bf6 45. Ra2 Rxb5 46. Ra7+ Be7 47. h4 Kf8 48. g5 Rb6 49. f5 ({White should play} 49. Ra4 $14) 49... hxg5 $11 {The position is equal.} 50. hxg5 {Black must now prevent Kg4.} Rb1 51. Kf4 {[#] Rh3 is the strong threat.} Rf1+ 52. Kg4 {aiming for Rh3.} Re1 53. Kf4 {Strongly threatening Rh3.} Rf1+ 54. Kg4 {And now Rh3 would win.} Re1 55. Kf4 {Accuracy: White = 85%, Black = 82%.} 1/2-1/2

[Event "Clutch Chess International"]
[Site "Saint Louis"]
[Date "2020.06.11"]
[Round "2.5"]
[White "Carlsen, Magnus"]
[Black "Aronian, Levon"]
[Result "1-0"]
[WhiteElo "2881"]
[BlackElo "2778"]
[Annotator "TA"]
[PlyCount "92"]
[EventDate "2020.06.05"]
[EventType "k.o."]
[EventCountry "USA"]
[SourceTitle "playchess.com"]
[Source "ChessBase"]
[SourceQuality "1"]

{[%evp 9,92,0,0,0,0,-7,0,0,0,-20,0,0,0,-29,0,-59,0,-8,0,0,0,0,0,0,0,0,0,0,0,0,0,0,2,2,2,2,2,2,2,0,0,0,69,22,37,28,62,62,69,70,77,69,69,69,69,29,69,44,69,69,77,69,1588,1300,1386,1316,1291,1289,1283,220,225,227,899,892,839,822,808,700,1846,1828,1628,1630,1512,1501,6270]} 1. c4 Nf6 2. Nc3 e5 3. g3 (3. Nf3 Nc6 4. d3 d5 5. cxd5 Nxd5 6. e4 Nb6 7. Be2 Be7 8. Be3 O-O 9. O-O Be6 10. a4 a6 11. a5 Nd7 12. d4 exd4 13. Nxd4 Nxd4 14. Bxd4 {1-0 (56) Carlsen,M (2870)-Aronian,L (2772) Kolkata 2019}) 3... Bb4 4. e4 Bxc3 5. dxc3 d6 6. f3 {A22: English Opening: 1...e5 2 Nc3 Nf6.} Be6 7. Nh3 {[#]} a5 $146 ({Predecessor:} 7... h6 8. Nf2 a5 9. f4 Na6 10. f5 Bd7 11. Bg2 b5 12. cxb5 Bxb5 13. b3 a4 {1-0 (68) Carlsen,M (2835)-Petrov,N (2593) St Petersburg 2018}) 8. a4 {The position is equal.} O-O 9. b3 Na6 10. Ng5 Bd7 11. Be3 Nc5 12. Ra2 (12. Nh3 $11) 12... Ra6 ({Black should play} 12... Qc8 $15) 13. Rd2 Rb6 14. Bxc5 dxc5 15. Bh3 {[%cal Rh3d7]} h6 {Strongly threatening ...Rd6.} 16. Bxd7 hxg5 17. h4 Rd6 18. Rxd6 cxd6 19. Bf5 Nh5 20. Kf2 $36 {[%mdl 2048] White is pushing.} g6 21. Bg4 {aiming for Bxh5.} Nf6 22. Qd2 Nxg4+ 23. fxg4 $11 {[%mdl 4096] Endgame KQR-KQR} Kg7 24. h5 Rh8 25. Ke2 f6 (25... Qf6 $11) 26. Kd1 Qd7 27. Qe2 b6 28. Qf3 Rh6 29. Kc2 Qe6 30. Kb2 Qd7 31. Ka3 Qe6 32. Rd1 Rh8 33. Rd5 Rd8 34. Rd2 Rd7 35. Rh2 Rd8 $2 {[%mdl 8192] Black cannot hold the game after this.} (35... Qf7 $14) 36. hxg6 $18 Kxg6 {[#]} 37. Qh1 $1 {Threatening mate with Rh7.} Qg8 38. Rh6+ Kf7 39. Qh5+ $2 (39. Rh7+ Ke6 40. Qh6) 39... Ke6 {[#]} 40. Rg6 $1 {[%cal Rg6g8]} Qf7 $2 (40... Qh8 41. Qxg5 Kf7) 41. Qxg5 $1 {White is clearly winning.} Ke7 42. Qf5 Rg8 43. Rh6 Rg5 44. Qc8 Rg8 45. Qc7+ Ke6 46. Qc6 Re8 {Accuracy: White = 78%, Black = 61%.} 1-0

[Event "Clutch Chess International"]
[Site "Saint Louis"]
[Date "2020.06.11"]
[Round "2.5"]
[White "Caruana, Fabiano"]
[Black "So, Wesley"]
[Result "0-1"]
[WhiteElo "2773"]
[BlackElo "2741"]
[Annotator "TA"]
[PlyCount "106"]
[EventDate "2020.06.05"]
[EventType "k.o."]
[EventCountry "USA"]
[SourceTitle "playchess.com"]
[Source "ChessBase"]
[SourceQuality "1"]

{[%evp 12,106,0,0,0,0,0,0,0,-6,0,0,0,-11,26,0,3,0,0,0,0,0,16,15,26,27,35,8,38,42,48,39,33,32,34,30,43,35,60,10,114,104,101,125,102,122,161,150,179,114,162,100,114,104,105,47,50,54,48,64,49,55,58,68,54,61,86,88,73,67,112,68,84,24,25,26,31,30,31,24,45,52,37,0,0,0,0,0,0,-104,-104,-29983,-29984,-29993,-29994,-29994,-29995]} 1. e4 e5 2. Nf3 Nc6 3. Bc4 Bc5 4. b4 Bxb4 5. c3 Be7 6. d4 Na5 7. Bd3 d6 {C51: Evans Gambit: Declined and Accepted without 5...Ba5.} 8. dxe5 dxe5 9. Nxe5 Nf6 {The position is equal.} 10. O-O O-O 11. Qc2 Bd6 $5 {[%mdl 4] Exploring less charted territory.} 12. Nf3 Nc6 13. Bg5 h6 14. Bh4 g5 15. Bg3 {[#]} Bxg3 $5 $146 {[%mdl 8] An interesting novelty.} ({Predecessor:} 15... Nh5 16. Nbd2 Bg4 17. Rfe1 Nxg3 18. hxg3 Qf6 19. Rab1 Rab8 20. Nc4 Bxf3 21. gxf3 b5 22. Nxd6 cxd6 23. Bxb5 {½-½ (69) Molner,M (2489)-Erenburg,S (2629) ICC INT 2012}) 16. hxg3 g4 17. Nh4 Ne5 18. Be2 Re8 19. Nd2 {[%cal Bb1d2,Bd2f1,Bf1e3,Be3f5,Bf5h6][%mdl 32]} b6 20. Rad1 Qe7 21. Rfe1 Be6 22. Nf1 Rad8 23. Ne3 Qc5 24. Nef5 Rxd1 25. Rxd1 h5 (25... Ng6 $1 $11 {remains equal.}) 26. Rd4 $16 Qf8 27. Qd2 Nh7 28. a4 Nc6 29. Nh6+ Kg7 30. N4f5+ (30. Bb5 $18 Nxd4 31. cxd4) 30... Kg6 31. Bd3 ({White should try} 31. Bb5 $18 Nxd4 32. Bxe8 (32. cxd4 Bxf5 33. exf5+ Kg7 $14) 32... Ne2+ 33. Kf1 (33. Qxe2 Bxf5 34. Nxf5 Qxe8 $14) 33... Qxe8 34. Ng8) 31... Ng5 {[#]} 32. Qf4 $1 f6 33. Bb5 (33. Qxc7 $16 Rc8 34. Qb7) 33... Nxd4 $14 34. Bxe8+ Qxe8 35. cxd4 Bxf5 36. Nxf5 {Threatens to win with Nh4+.} Qxe4 37. Nh4+ Kf7 $1 {...Qxf4 is the strong threat.} ({Of course not} 37... Kg7 $6 38. Qxc7+ Kh6 39. Kh2 $18) 38. Qxc7+ {[%mdl 64] [#] Double Attack} Qe7 39. Qc4+ Qe6 40. d5 Qd6 $1 41. Qd3 Qe5 42. Qg6+ (42. Kh2 $16) 42... Ke7 $11 43. Nf5+ Kd8 44. Kh2 {Black must now prevent Qg8+.} Ne4 45. Qg8+ Kd7 46. Qf7+ Kd8 $1 47. Ng7 h4 $1 {[%cal Rh4g3]} 48. Ne6+ Kc8 49. Qg8+ Kb7 {[%cal Rh4g3]} 50. Qh7+ (50. Qg7+ $11 {keeps the balance.} Ka6 51. Qxg4) 50... Ka6 $17 {[%cal Rh4g3]} 51. Qxh4 $2 {[%mdl 8192]} (51. Nf4 $17) 51... Nxf2 {Black mates.} 52. Qh8 Qe1 {[%csl Gf2][%cal Re1h1]} 53. Nc5+ Ka5 {Black used his chance. Accuracy: White = 73%, Black = 87%.} 0-1

[Event "Clutch Chess International"]
[Site "Saint Louis"]
[Date "2020.06.11"]
[Round "2.6"]
[White "Aronian, Levon"]
[Black "Carlsen, Magnus"]
[Result "1/2-1/2"]
[WhiteElo "2778"]
[BlackElo "2881"]
[Annotator "TA"]
[PlyCount "89"]
[EventDate "2020.06.05"]
[EventType "k.o."]
[EventCountry "USA"]
[SourceTitle "playchess.com"]
[Source "ChessBase"]
[SourceQuality "1"]

{[%evp 11,89,34,39,33,39,23,26,36,41,40,32,22,41,31,44,0,27,-60,0,-69,0,0,-5,-24,0,0,0,-40,-37,-96,-98,-79,-83,-91,-85,-78,-72,-74,-81,-142,-155,-128,-146,-267,-264,-233,-133,-128,-65,-70,-72,-102,-69,-122,-19,-18,-20,-66,-65,-88,-97,-79,-64,-353,-349,-206,0,0,0,0,0,0,0,0,0,0,0,0,0,0]} 1. e4 c5 2. Nf3 Nc6 3. Bb5 e6 4. O-O Nge7 5. d4 cxd4 6. Nxd4 Qb6 7. Nxc6 {B30: Sicilian: 2...Nc6 3 Bb5, lines without ...g6.} bxc6 8. Be2 Ng6 9. c4 {White has an edge.} Be7 10. Nc3 O-O 11. b3 {[#]} c5 $146 ({Predecessor:} 11... Bb7 12. Be3 c5 13. Qd2 d6 14. Rad1 Rad8 15. Bh5 h6 16. Bxg6 fxg6 17. Qc2 Bf6 {½-½ (33) Kowalczyk,R (2329)-Frerichs,M (2278) ICCF email 2017}) 12. f4 Bb7 13. Bd3 ({And not} 13. Qxd7 Rfd8 $17) 13... d5 14. e5 (14. exd5 $11 Bf6 15. Bb2) 14... Nh4 (14... f6 $15) 15. g3 (15. Rf2 $11) 15... d4 (15... f5 $1 $15 16. gxh4 d4) 16. Ne4 $11 Nf5 17. g4 Ne3 18. Bxe3 $1 dxe3 19. Qe2 Qc6 $36 {[%mdl 2048] Black has some pressure.} 20. Ng3 {[#]} (20. Rf3 $15) 20... f5 $1 $17 {[%mdl 512]} 21. exf6 (21. gxf5 exf5) 21... Bxf6 22. Be4 Qc7 {Hoping for ...Bxe4.} 23. Rad1 Bxe4 24. Nxe4 Bd4 25. b4 (25. Kg2 $142) 25... e5 $1 26. f5 cxb4 27. Ng5 (27. c5 $17) 27... Rac8 $1 $19 28. Rc1 Qc6 (28... Bc3 $1 $19 29. Ne6 Qxc4) 29. c5 Qd5 (29... Rfd8 $17 30. h3 Bc3) 30. Ne6 $15 Rf6 31. h3 a5 32. Kh2 {[#]} Rxe6 (32... g6 $1 $17 33. Rg1 Rxe6 34. fxe6 Qxe6) 33. fxe6 $11 Qxe6 34. c6 h6 35. g5 hxg5 36. c7 a4 (36... Bc3 $5 {[%cal Rc8c7]} 37. Rfd1 Qe7 38. Qxe3 Rxc7 $17) 37. Qb5 $2 {[%mdl 8192]} (37. Kg3 $1 $15) 37... Qxa2+ $19 38. Kg3 {[#] Threatening mate with Qd7.} e2 $2 {[#]} ({Black should play} 38... Qe6 $1 $19 {Threatens to win with ...Bc3.} 39. Rc6 Qd7 40. Qc4+ Kh8) 39. Qd7 $1 $11 {[%cal Rd7c8][%mdl 512] The position is equal.} exf1=N+ 40. Rxf1 {[#]} Rxc7 $1 41. Qe8+ (41. Qxc7 Kh7) 41... Kh7 42. Qh5+ {[%mdl 64] Double Attack} Kg8 43. Qe8+ Kh7 44. Qh5+ {[%mdl 64] Double Attack} Kg8 {( -> ...Rc3+)} 45. Qe8+ {Accuracy: White = 57%, Black = 65%.} 1/2-1/2

[Event "Clutch Chess International"]
[Site "Saint Louis"]
[Date "2020.06.11"]
[Round "2.6"]
[White "So, Wesley"]
[Black "Caruana, Fabiano"]
[Result "1/2-1/2"]
[WhiteElo "2741"]
[BlackElo "2773"]
[Annotator "TA"]
[PlyCount "98"]
[EventDate "2020.06.05"]
[EventType "k.o."]
[EventCountry "USA"]
[SourceTitle "playchess.com"]
[Source "ChessBase"]
[SourceQuality "1"]

{[%evp 23,98,36,23,29,34,26,29,27,46,33,50,53,41,44,42,32,30,41,25,38,39,13,18,0,0,-20,57,39,62,43,88,59,70,54,48,45,77,68,62,72,95,47,54,34,49,50,101,21,37,0,0,0,0,0,0,0,13,0,0,0,12,0,0,0,7,11,9,0,27,13,24,0,0,0,18,0,4]} 1. e4 c5 2. Nf3 e6 3. d4 cxd4 4. Nxd4 Nc6 5. Nc3 Qc7 6. g3 a6 7. Bg2 d6 8. O-O Bd7 9. Nxc6 Bxc6 10. a4 Nf6 11. a5 Be7 12. Be3 O-O 13. Bb6 {B80: Sicilian Scheveningen: 6 g3 and 6 Be3, including English Attack.} Qc8 14. Re1 Nd7 15. Bd4 {White has an edge.} Re8 16. Qd2 Qc7 17. Na4 {[#]} Bxa4 $146 ({Predecessor:} 17... Rad8 18. Nb6 Bf6 19. Bxf6 Nxf6 20. c4 Nd7 21. Nd5 exd5 22. exd5 Rxe1+ 23. Qxe1 Bxd5 24. Bxd5 {½-½ (54) Tiviakov,S (2618)-Kritz,L (2423) Germany 2002}) 18. Rxa4 Rac8 19. c3 Bf6 20. Rd1 Bxd4 21. cxd4 Nf6 22. h3 h5 23. Bf3 h4 24. gxh4 e5 (24... Qc6 $11 25. Raa1 Nxe4) 25. Rb4 Rcd8 {[%cal Bc8d8,Bd8d7,Bd7b7][%mdl 32]} 26. Qc3 (26. Qc1 $5 {[%cal Rc1c7]} Qe7 27. dxe5 dxe5 28. Rxd8 Rxd8 29. Rc4 $14) 26... Qe7 27. Qb3 Rd7 28. dxe5 Qxe5 29. Rxb7 Qxa5 30. Qb4 Qxb4 31. Rxb4 a5 32. Rbd4 Rb7 33. R1d2 Rbb8 34. Bg2 g6 (34... Rb3 $14) 35. Kh2 (35. f3 $16) 35... Kg7 36. h5 Nxh5 37. Rxd6 Nf4 38. Ra6 Re5 39. Ra7 Rb6 40. Rdd7 Rf6 41. Rd2 Rb6 42. Rdd7 Rf6 43. Rd2 Rc5 44. Bf1 $36 {[%mdl 2048] White has the initiative.} Ne6 45. Bg2 Kh6 46. Rad7 Nf4 47. Ra7 Kg7 {The position is equal.} 48. Bf1 Ne6 49. Bg2 Nf4 {Accuracy: White = 87%, Black = 84%.} 1/2-1/2

[Event "Clutch Chess International"]
[Site "Saint Louis"]
[Date "2020.06.12"]
[Round "2.7"]
[White "Aronian, Levon"]
[Black "Carlsen, Magnus"]
[Result "0-1"]
[WhiteElo "2778"]
[BlackElo "2881"]
[Annotator "TA"]
[PlyCount "101"]
[EventDate "2020.06.05"]
[EventType "k.o."]
[EventCountry "USA"]
[SourceTitle "playchess.com"]
[Source "ChessBase"]
[SourceQuality "1"]

{[%evp 11,101,74,63,35,87,27,44,20,150,97,104,113,114,89,130,121,151,86,101,106,100,96,100,76,80,54,89,62,53,54,53,62,58,73,75,49,66,41,43,44,49,60,109,108,110,116,196,191,208,157,158,130,123,120,123,120,108,118,126,46,48,44,96,19,35,17,14,14,16,23,16,31,40,-8,-8,-8,-8,-8,-8,-35,-35,-2426,-2189,-12795,-7052,-5218,-3413,-29980,-29981,-29986,-29987,-29986]} 1. e4 Nc6 2. Nf3 d5 3. exd5 Qxd5 4. Nc3 Qa5 5. Bb5 Bd7 6. O-O a6 7. Ba4 {B01: Scandinavian Defence.} Nf6 (7... O-O-O $14) 8. d3 {[#]} (8. d4 $16) 8... O-O-O $146 ({Predecessor:} 8... Qh5 9. Bf4 b5 10. Bb3 Bg4 11. h3 Bxf3 12. Qxf3 Qxf3 13. gxf3 Rc8 14. Nd5 Nxd5 15. Bxd5 {½-½ (75) Peter,S (1995)-Porth,H (2133) Lieme 2009}) 9. Ng5 {White is slightly better.} Bg4 (9... Ne5 $1 $11 {keeps the balance.} 10. Bxd7+ Nfxd7) 10. Qd2 ({Better is} 10. Qe1 {Bxc6 is the strong threat.} Bh5 11. Bxc6 bxc6 12. a3) 10... Bh5 $16 11. Bxc6 $1 bxc6 12. Qe1 h6 13. Nge4 e6 14. Bd2 ({White should play} 14. Nd2 $1) 14... Be7 15. b3 Bg6 16. Na4 Qd5 {[%cal Rf6e4]} 17. Ng3 c5 18. Be3 Ng4 19. Qa5 Nxe3 {[%csl Ge3][%cal Rd5g2]} 20. Qxa6+ Qb7 21. Qxb7+ Kxb7 22. fxe3 Ra8 23. Rf4 Bg5 24. Rf3 c4 25. dxc4 Kc6 26. Ne2 Rxa4 27. bxa4 Ra8 28. Nd4+ Kc5 (28... Kd6 $16 {was necessary.}) 29. Nb3+ Kxc4 30. h4 Bf6 31. Rd1 Be5 {[#]} 32. a5 $1 Bh5 {[#]} 33. Rd7 $1 ({But not} 33. Nd2+ $6 Kc5 $11) 33... Bxf3 34. gxf3 {[%mdl 4096] Endgame KRB-KRN} Rf8 35. f4 (35. a4 $16) 35... Bd6 $14 36. a6 Ra8 ({Black should try} 36... Kd5 $1 $14 37. Nd4 Ra8) 37. Rxf7 (37. Nd2+ $16 Kd5 38. c4+ (38. Rxf7 Rxa6 39. Rxg7 Rxa2 $14) 38... Kc6 39. Rxf7) 37... Rxa6 $11 38. Rxg7 {With the idea Kg2.} Rxa2 39. Rg2 e5 $1 40. f5 Kc3 $1 41. Nd2 {Strongly threatening Ne4+.} Ra1+ $1 42. Kh2 {Black must now prevent Ne4+.} Kxc2 43. Ne4+ Kd3 {[%mdl 64] Double Attack} 44. Nxd6 cxd6 {KR-KR} 45. Rg6 (45. Rg1 $5 {[%cal Rg1a1]} Ra4 46. f6 $15) 45... d5 46. Rxh6 $2 {[%mdl 8192]} (46. Rd6 $15) 46... Kxe3 $19 47. h5 d4 48. Re6 e4 49. f6 d3 50. Kg2 d2 51. Rd6 {Never resign too early! Accuracy: White = 53%, Black = 77%.} 0-1

[Event "Clutch Chess International"]
[Site "Saint Louis"]
[Date "2020.06.12"]
[Round "2.7"]
[White "So, Wesley"]
[Black "Caruana, Fabiano"]
[Result "0-1"]
[WhiteElo "2741"]
[BlackElo "2773"]
[Annotator "TA"]
[PlyCount "106"]
[EventDate "2020.06.05"]
[EventType "k.o."]
[EventCountry "USA"]
[SourceTitle "playchess.com"]
[Source "ChessBase"]
[SourceQuality "1"]

{[%evp 23,106,38,40,14,27,10,12,0,17,0,0,-16,-12,-37,-21,-24,-22,-25,-21,-31,-17,-20,-16,-38,0,0,0,0,0,0,0,0,0,-30,0,0,0,-77,-73,-80,-81,-86,-57,-57,-57,-58,-57,-60,-56,-56,-66,-56,-47,-20,-16,-3,0,-8,-8,-18,0,-106,-185,-218,-219,-223,-215,-209,-201,-194,-151,-29977,-29978,-29983,-29984,-29984,-29985,-29985,-29986,-29985,-29981,-29981,-29982,-29982,-29983]} 1. d4 d5 2. c4 c6 3. Nf3 Nf6 4. Nc3 dxc4 5. a4 Bf5 6. e3 e6 7. Bxc4 Bb4 8. O-O O-O 9. Qe2 Bg6 10. Ne5 Nbd7 11. Nxg6 hxg6 12. Rd1 Qc7 13. Bd2 {D19: Slav Defence: 5 a4 Bf5 6 e3: Main line with 9 Qe2.} a5 14. Rac1 {[#]} Rad8 $146 ({Predecessor:} 14... Nb6 15. Bb3 Nbd5 16. e4 Ne7 17. Nb5 Qd7 18. Na3 Qxd4 19. Nc2 Qxe4 20. Qxe4 Nxe4 21. Nxb4 Nxd2 22. Rxd2 axb4 {½-½ (28) Chubakov,O-Krivobokov,S (2149) Tula 2005}) 15. Ba2 {The position is equal.} Nb6 16. Be1 e5 17. dxe5 Qxe5 18. g3 Nbd7 19. Qc2 Qh5 20. Bc4 Ne5 21. Be2 Qh3 {White must now prevent ...Neg4.} 22. f3 g5 23. Ne4 Qf5 (23... Nd5 $5 {[%cal Rd5e3]} 24. Nxg5 Qh6 25. Bxb4 axb4 $15) 24. Bxb4 axb4 $40 {[%mdl 128] White needs to defend precisely.} 25. Nxf6+ Qxf6 26. Kg2 Ng6 27. Qb3 Qe7 28. a5 Rfe8 29. Rxd8 Rxd8 30. Rd1 (30. Kf2 $11) 30... Rxd1 $17 31. Bxd1 Qc5 32. Qd3 Qxa5 33. Bb3 {Strongly threatening Qxg6.} Nf8 34. Qc4 Ne6 35. Qe4 Qa1 36. Bxe6 Qxb2+ 37. Kh3 {Hoping for Bc4!} fxe6 38. Qxe6+ $15 {[%mdl 4096] Endgame KQ-KQ} Kf8 39. Qc8+ Ke7 {aiming for ...Qd2.} 40. Qxb7+ Kd6 41. e4 Qc3 42. Qb8+ {[#]} (42. Kg4 $1 $11) 42... Kc5 $1 $17 43. e5 {Qf8+ is the strong threat.} Qxf3 44. Qd6+ Kc4 45. e6 Qf5+ 46. Kg2 Qe4+ 47. Kh3 $2 {[#] White does not recover from this.} (47. Kf2 $17 b3 48. e7) 47... b3 {[%cal Bb4b3,Bb3b2][%mdl 32] Black mates.} 48. e7 b2 49. Qd1 Kc3 ({Weaker is} 49... b1=Q 50. Qxb1 Qxb1 51. e8=Q $17) 50. e8=Q Qxe8 51. Qf3+ Kb4 52. Qg4+ Ka3 53. Qf3+ Ka2 {Accuracy: White = 83%, Black = 88%.} 0-1

[Event "Clutch Chess International"]
[Site "Saint Louis"]
[Date "2020.06.12"]
[Round "2.8"]
[White "Carlsen, Magnus"]
[Black "Aronian, Levon"]
[Result "1-0"]
[WhiteElo "2881"]
[BlackElo "2778"]
[Annotator "TA"]
[PlyCount "67"]
[EventDate "2020.06.05"]
[EventType "k.o."]
[EventCountry "USA"]
[SourceTitle "playchess.com"]
[Source "ChessBase"]
[SourceQuality "1"]

{[%evp 9,67,-9,-1,-25,-4,-13,-3,-10,-9,-8,-11,-11,-11,-14,0,-14,-4,-26,-32,-50,-26,-34,-41,-47,-15,-12,16,8,14,35,59,22,50,46,41,33,284,281,376,352,581,571,527,510,935,544,544,543,843,758,911,887,1320,1277,1365,1360,1347,1338,1133,1058]} 1. c4 Nf6 2. Nc3 e5 3. g3 (3. Nf3 Nc6 4. d3 d5 5. cxd5 Nxd5 6. e4 Nb6 7. Be2 Be7 8. Be3 O-O 9. O-O Be6 10. a4 a6 11. a5 Nd7 12. d4 exd4 13. Nxd4 Nxd4 14. Bxd4 Nc5 15. Be3 Qxd1 16. Rfxd1 Rfd8 17. Nd5 Bxd5 18. exd5 {1-0 (56) Carlsen,M (2870)-Aronian,L (2772) Kolkata 2019}) 3... Bb4 4. e4 O-O 5. Nge2 d6 6. h3 {A22: English Opening: 1...e5 2 Nc3 Nf6.} Nc6 7. Bg2 a6 8. O-O {The position is equal.} b5 9. d3 bxc4 10. dxc4 Bc5 11. Kh2 {[#]} Rb8 $146 ({Predecessor:} 11... Nd4 12. Qd3 a5 13. Be3 Nxe2 14. Qxe2 Nd7 15. Rad1 Rb8 16. Bc1 Ba6 17. b3 Bd4 {½-½ (61) Klekowski,M (2506)-Wojtaszek,R (2724) Chorzow 2019}) 12. b3 a5 13. Nd5 a4 14. Be3 axb3 15. axb3 Bxe3 16. fxe3 Nd7 17. Nec3 Nc5 18. Nb5 Ne6 19. h4 Bd7 20. Bh3 Rb7 21. b4 Ne7 22. Ra2 Nc8 $2 {[%mdl 8192] Loses the game.} (22... Kh8 $14) 23. Ra8 $18 Kh8 24. Qh5 Qe8 $2 (24... Kg8 25. Nf6+ gxf6) 25. Bf5 {[%csl Gf5][%cal Rh5h7] White is clearly winning.} h6 26. Bh3 c6 {[#]} (26... f6 $142 27. Qxe8 Rxe8 28. Bxe6 Rxe6 29. Nbxc7 Kh7 30. Nxe6 Bxe6) 27. Nxd6 $1 {[%mdl 512]} Nxd6 28. Rxe8 Rxe8 {[#]} 29. Nf6 $1 {[%mdl 512]} Re7 (29... gxf6 30. Rxf6) 30. c5 Nc4 31. Nxd7 Rbxd7 {[#]} 32. Rxf7 $1 {[%mdl 576] Remove Defender, Deflection} Rxf7 33. Bxe6 Rf2+ {[#]} 34. Kh3 $1 {Accuracy: White = 88%, Black = 50%.} 1-0